Holiday Quiz

Random Holiday or Christmas Quiz

When Scrabble Meets The Festive Season... Quiz Stats

 Plays Quiz not verified by Sporcle

Score 0/15 Timer 07:00
1 Play Today
Question Answer Wrong Answers
Which word is worth more points? Turkey
87.7%
Robin
6%
Which word is worth more points? Myrrh
86.4%
Gold
7.1%
Which word is worth more points? Angel
82.7%
Star
12.1%
Which word is worth more points? Nativity
80.8%
Advent
12.7%
Which word is worth more points? Festivus
75.8%
Armadillo
17.5%
Which word is worth more points? Bauble
75.8%
Tinsel
17.3%
Which word is worth more points? Kwanzaa
75.2%
Hanukkah
18.1%
Which word is worth more points? Poinsettia
74.1%
Mistletoe
19.7%
Which word is worth more points? Cratchit
73.9%
Scrooge
19.4%
Which word is worth more points? Drummers
71.3%
Pipers
21.6%
Which word is worth more points? Snowball
67%
Snowman
26.3%
Which word is worth more points? Stocking
65.4%
Presents
27.4%
Which word is worth more points? Menorah
55.1%
Kinara
39.1%
Which word is worth more points? Holly
43%
Ivy
49.7%
Which word is worth more points? Christmas
28.9%
Yuletide
64.1%

You're not logged in!

Compare scores with friends on all Sporcle quizzes.
OR
Log In

Show Comments

Extras

Top Quizzes Today


Score Distribution

Your Account Isn't Verified!

In order to create a playlist on Sporcle, you need to verify the email address you used during registration. Go to your Sporcle Settings to finish the process.

Report this User

Report this user for behavior that violates our Community Guidelines.

Details: